6 Nation Winners Rugby - Statistics

General Stats
  • This quiz has been taken 681 times
  • The average score is 14 of 15
Answer Stats
Hint Answer % Correct
2000 England
98%
2001 England
96%
2003 England
96%
2002 France
96%
2004 France
96%
2006 France
96%
2005 Wales
96%
2011 England
95%
2007 France
95%
2010 France
95%
2009 Ireland
95%
2008 Wales
95%
2012 Wales
95%
2014 Ireland
94%
2013 Wales
94%
No matching quizzes found
Score Distribution
Percent of People with Each Score
Percentile by Number Answered
Your Score History
You have not taken this quiz